Statistics for Lana Del Rey Songs Quiz 2019

Click here to take the quiz!

General Stats

  • This quiz has been taken 1,416 times
  • The average score is 38 of 69

Answer Stats

AlbumAnswer% Correct
Born To DieBorn To Die
96%
UltraviolenceUltraviolence
92%
Lust For LifeLust For Life
86%
HoneymoonHoneymoon
85%
Born To DieVideo Games
79%
Born To DieBlue Jeans
78%
Born To DieSummertime Sadness
78%
ParadiseRide
74%
Lust For LifeLove
73%
Born To Die (bonus track)Lolita
71%
Born To DieCarmen
70%
UltraviolenceWest Coast
68%
Born To DieDark Paradise
67%
Born To DieOff To The Races
67%
UltraviolenceBrooklyn Baby
66%
ParadiseCola
66%
Lust For LifeCherry
65%
Born To DieNational Anthem
65%
Born To DieRadio
64%
HoneymoonHigh By The Beach
61%
UltraviolenceShades Of Cool
60%
UltraviolenceSad Girl
59%
Born To DieThis Is What Makes Us Girls
58%
Born To DieDiet Mountain Dew
57%
ParadiseAmerican
56%
HoneymoonArt Deco
56%
Ultraviolence (bonus track)Florida Kilos
56%
HoneymoonFreak
56%
HoneymoonSalvatore
56%
Lust For LifeSummer Bummer
56%
Lust For LifeSummer Bummer
56%
ParadiseYayo
56%
ParadiseGods & Monsters
55%
Born To DieMillion Dollar Man
55%
UltraviolencePretty When You Cry
55%
Ultraviolence (bonus track)Black Beauty
54%
ParadiseBel Air
53%
UltraviolenceCruel World
53%
UltraviolenceOld Money
53%
Lust For LifeWhite Mustang
53%
ParadiseBlue Velvet
52%
ParadiseBody Electric
52%
HoneymoonMusic To Watch Boys To
52%
Lust For Life13 Beaches
51%
Ultraviolence (bonus track)Guns And Roses
50%
Lust For LifeHeroin
49%
Born To Die (bonus track)Lucky Ones
49%
UltraviolenceMoney Power Glory
49%
Born To Die (bonus track)Without You
49%
Honeymoon24
48%
UltraviolenceF'd My Way To The Top
48%
Lust For LifeGroupie Love
48%
HoneymoonSwan Song
47%
UltraviolenceThe Other Woman
47%
Lust For LifeBeautiful People Beautiful Problems
44%
Lust For LifeChange
43%
Lust For LifeGet Free
43%
HoneymoonThe Blackest Day
43%
HoneymoonTerrence Loves You
42%
HoneymoonReligion
41%
Lust For LifeWhen The World Was At War We Kept Dancing
39%
Lust For LifeTomorrow Never Came
38%
Lust For LifeCoachella Woodstock In My Mind
36%
HoneymoonGod Knows I Tried
36%
Lust For LifeGod Bless America And All The Beautiful Women In It
35%
HoneymoonDon't Let Me Be Misunderstood
33%
Lust For LifeIn My Feelings
33%
ParadiseBurning Desire
30%
HoneymoonBurnt Norton
25%

Score Distribution

Percentile by Number Answered

Percent of People with Each Score

Your Score History

You have not taken this quiz